Finansy SSSR Ježemesjačnyj teoretičeskij i naučno-praktičeskij žurnal Ministerstva finansov SSSR

Guardado en:
Detalles Bibliográficos
Formato: Seriadas
Lenguaje:ruso
Publicado: Moskva Finansy i statistika 1989
Etiquetas: Agregar Etiqueta
Sin Etiquetas, Sea el primero en etiquetar este registro!

MARC

LEADER 00000nas2a2200000 4500
001 s031126
005 20250730114141.6
041 0 |a rus 
044 |a RU 
245 1 0 |a Finansy SSSR  |b Ježemesjačnyj teoretičeskij i naučno-praktičeskij žurnal Ministerstva finansov SSSR 
264 1 |a Moskva  |b Finansy i statistika  |c 1989 
300 |a 2 zv. 
773 0 |w eu_un_cat*s120704